Представление документа в формате RUSMARC

ПолеНазваниеЗначение
  Тип записи a
  Библиографический уровень a
001 Контрольный номер RU/CBS_UL/BASE/6ad8e8f52cf94023b882002926004d17
005 Дата корректировки 20260205183355.8
100 Данные общей обработки __
a Данные общей обработки 20260205 ||| 0rusy0189 ca
101 Язык документа 0_
a Язык текста rus
102 Страна публикации __
a Страна публикации RU
200 Заглавие и сведения об ответственности 1_
a Заглавие "Тембр голоса Сергея Лемешева действовал на женщин эротически"
e Сведения, относящиеся к заглавию [рассказ М. Лемешевой о своём отце С. Лемешеве]
f Первые сведения об ответственности М. Лемешева
g Последующие сведения об ответственности запис. А. Пахомова
300 Общие примечания __
a Общие примечания 16+
461 Уровень набора _0
1 2000
a Коллекция КАРАВАН историй
463 Уровень физической единицы _0
1 2000
a № 1
v С. 176-191 : фот.
1 2101
d 2026
1 001RU/CBS_UL/BASE/acf7af95dd5d4fbaae423ecf9693e707
600 Персоналии _1
a Персоналии (Фамилия) Лемешев
b Персоналии (Имя, инициалы) С.Я.
606 Тематические рубрики 0_
a Основная рубрика Лемешев, Сергей Яковлевич (1902-1977)
610 Ключевые слова 0_
a Ключевые слова певцы советские, певцы оперные, певцы, теноры, оперные режиссёры, педагоги, народные артисты СССР, лауреаты Сталинской премии II степени
686 Индексы других классификаций __
2 Код системы rubbk
a Классификационный индекс 85.335.41
700 Автор _1
a Фамилия Лемешева
b Имя (инициалы) М.
801 Источник записи _0
a Страна RU
b Организация МБУК ЦБС г. Ульяновска
c Дата составления 20260205
g Правила каталогизации RCR
801 Источник записи _1
a Страна RU
b Организация МБУК ЦБС г. Ульяновска
c Дата составления 20260205
g Правила каталогизации RCR
901 Тип документа __
t Тип документа b
w Контрольный № источника RU/CBS_UL/BASE/acf7af95dd5d4fbaae423ecf9693e707
909 Создатель записи __
a Создатель записи lib1